| 000 | 00378nam a22001217a 4500 | ||
|---|---|---|---|
| 999 |
_c5529 _d5529 |
||
| 008 | 250926b ||||| |||| 00| 0 eng d | ||
| 020 | _a9781408351543 | ||
| 082 | _a823.92 CHI | ||
| 100 |
_aCHILD,LAUREN _eAUTHOR _lENGLISH |
||
| 245 | _aI AM NOT SLEEPY AND I WILL NOT GO TO BED | ||
| 260 |
_aCARMELITE HOUSE,50 VICTORIA EMBANKMENT,LONDON EC4Y 0DZ _bORCHARD BOOKS _c2017 |
||
| 942 | _2ddc | ||